Statistics for Byer i Danmark (med kort)

Click here to take the quiz!

General Stats

  • This quiz has been taken 577 times
    (412 since last reset)
  • The average score is 25 of 34

Answer Stats

Indbyggertal Answer % Correct
1.330.993Hovedstadsområdet
100%
180.302Odense
100%
117.351Aalborg
99%
280.534Aarhus
99%
72.037Esbjerg
94%
57.655Vejle
90%
51.262Roskilde
90%
62.482Randers
89%
40.981Fredericia
86%
61.121Kolding
86%
50.332Herning
83%
47.461Helsingør
83%
40.778Viborg
83%
23.124Frederikshavn
81%
46.923Silkeborg
81%
59.449Horsens
80%
34.015Slagelse
80%
27.068Svendborg
80%
27.841Sønderborg
79%
37.754Køge
79%
33.398Hillerød
69%
43.803Næstved
69%
25.780Hjørring
68%
36.643Holstebro
66%
20.573Skive
66%
22.101Haderslev
65%
22.898Ringsted
60%
23.546Nørresundby
58%
28.833Holbæk
57%
34.364Taastrup
49%
47.499Hørsholm
40%
20.345Farum
32%
20.823Birkerød
29%
22.003Ølstykke-Stenløse
23%

Score Distribution

Percentile by Number Answered

Percent of People with Each Score

Your Score History

You have not taken this quiz since the last reset